00345nam a22001337a 4500003000400000005001700004008004100021020001900062040002300081050001700104082001700121245003700138260003600175OSt20211025140152.0211025b |||||||| |||| 00| 0 eng d a0 7063 1166 3 cHawassa University a635.9/GROb2 a635.9/GROb2 aThe Complete Handbook of Pruning aLondonbWard Lock Limitedc1973